Quizzes
Events
Quiz Creation
Community
Videos
Private Events
Remove Ads
Sign In
Join for FREE
Feedback
Dark Mode
Quiz Categories
Sports
Geography
Music
Movies
Television
Just For Fun
Miscellaneous
History
Literature
Language
Science
Gaming
Entertainment
Religion
Holiday
For Kids
Quiz Lab
Recent
Popular Today
Quiz Kudos Today
Editor Picks
Curator Picks
Quizzes by...
Day
Popularity
Type
Ratings
Length
Year
Community
Subscriptions
Recent Discussions
Orange Saloon
Badges
Playlists
Quests
Create
Leaderboards
Showdown
Live 5
Trivia Bingo
Activity
Puzzle Library
Sporcle Events
Private Events
Virtual Trivia
Globe League
Become a Host
Pub Owners
SporcleCon
Opinionation
Our Games
Videos
Blog
Mobile Apps
Partnerships
Remove Ads and Go Orange
Feedback
Sports
Athletes
MLB
NBA
NHL
NFL
Soccer
Sports Teams
WWE
NCAA
Football
Premier League
Basketball
Baseball
Hockey
Golf
Tennis
Cricket
Rugby
Auto Racing
Olympics
World Cup
Sports
Athletes
MLB
NBA
NHL
NFL
Soccer
Sports Teams
WWE
NCAA
Football
Premier League
Basketball
Baseball
Hockey
Golf
Tennis
Cricket
Rugby
Auto Racing
Olympics
World Cup
Random Quiz
Search Sporcle
×
Quiz Lab
Quiz Lab
Sports
NHL
Type in answers that appear in a list
Type in answers that appear in a list
Classic
Best Score? Go Orange.
NHL Siblings by Points Stats
Can you name the pairs or groups of brothers with most points in NHL?
By
Alkkari
12m
50 Questions
748 Plays
748 Plays
748 Plays
Comments
Comments
Give Quiz Kudos
Give Quiz Kudos
-
- Ratings
hide this ad
More Info
Replay
Link that replays current quiz
Next Quiz
Link to next quiz in quiz playlist
You Got
0%
They Got
Avg Score
39%
Avg Friend Score
Upgrade to see
Score Distribution
Jump to the score distribution portion of the page
Score
0/50
Timer
12:00
0
Plays Today
Points
Players
% Correct
2861
Wayne (2857) & Brent (4) Gretzky
92.5%
2934
Brent (829), Brian (636), Ron (533), Duane (342), Rich (315) & Darryl (279) Sutter
86.1%
2111
Henrik (1070) & Daniel (1041) Sedin
84%
1824
Bobby (1170) & Dennis (654) Hull
79.8%
1857
Gordie (1850) & Vic (7) Howe
78.9%
773
Mark (742) & Marty (31) Howe
78.9%
2011
Henri (1046) & Maurice (965) Richard
73.3%
1795
Mario (1723) & Alain (72) Lemieux
71.9%
950
Claude (786) & Jocelyn (164) Lemieux
71.9%
1661*
Eric (974), Jordan (510) & Marc (177) Staal
66.2%
2169
Peter (1239), Anton (636) & Marian (294) Stastny
62.7%
1615
Phil (1590) & Tony (25) Esposito
62.4%
1179
Pavel (779) & Valeri (400) Bure
56%
1543*
Saku (832) & Mikko (711) Koivu
54.9%
872
Eric (865) & Brett (7) Lindros
51.2%
1209
Scott (740) & Rob (469) Niedermayer
47.2%
1911
Marcel (1771) & Gilbert (140) Dionne
46.9%
1876
Frank (1103) & Pete (773) Mahovlich
46.8%
1822
Pierre (1327) & Sylvain (495) Turgeon
41.8%
913
Scott (908) & Mike (5) Stevens
39.6%
1339
Denis (1052) & Jean (287) Potvin
39.3%
1727
Dale (1020), Mark (384) & Dave (323) Hunter
36.6%
1543
Geoff (799) & Russ (744) Courtnall
36.5%
1195
Marian (1134) & Marcel (61) Hossa
36.2%
1181
Sergei (1179) & Fedor (2) Fedorov
35.4%
Points
Players
% Correct
1016
Paul (989) & Steve (27) Kariya
34.6%
1435
Bryan (1425) & Rocky (10) Trottier
34.5%
1539
Neal (923), Aaron (515) & Paul (101) Broten
33.4%
1685
Joe (1063) & Brian (622) Mullen
33.4%
1057
Kelly (463), Kevin (335) & Kip (239) Miller
31.4%
1008
Kevin (677) & Derian (331) Hatcher
30.5%
1016
Doug (827) & Murray (189) Wilson
29.8%
813
Keith (619) & Wayne (194) Primeau
29.7%
1090
Max (544), Doug (543) & Reg (3) Bentley
24.7%
1009
Roy (426), Charlie (398) & Lionel (185) Conacher
23.3%
757
Chris (698) & Sean (59) Pronger
21.8%
763
Dennis (503) & Bryan (260) Hextall
19.4%
1100
Steve (1012) & Jeff (88) Larmer
18%
756
Tomas (563) & Frantisek (193) Kaberle
17.2%
776
Busher (475) & Art (301) Jackson
16.8%
868
Kevin (760), Gord (106) & Peter (2) Dineen
16.6%
759*
Jamie (649) & Jordie (110) Benn
16.3%
1119
Jean (774) & Marcel (345) Pronovost
15.6%
1161
Dave (723) & Wayne (438) Babych
15%
748*
Matt (731) & Mark (17) Cullen
14.8%
856
Ryan (842) & Kevin (14) Smyth
13%
747
James (639) & Steve (108) Patrick
12%
914
Wilf (814) & Rosaire (100) Paiement
9.4%
881
Don (564) & Dave (317) Maloney
9.2%
873
Dick (445) & Mickey (428) Redmond
5.5%
Quiz Playlist
Details
Report
Send in Message
Add To Playlist
More Info:
All the brothers must have had points in NHL. * indicates at least one of the brothers is still active in NHL.
Classic:
Type in answers that appear in a list
Last Updated: Apr 8, 2019
Quiz Scoreboard
CHALLENGE
Sign Up to Join the Scoreboard
Show All
Scores
Hide
Comments
May contain spoilers
Recently Published
Women Country Music Singer Match-Up
by babymonkee
Music
5m
TV Characters by Other Roles V
by ghcgh
Television
5m
Decade Duel: World Leaders
by jenniferyan
History
4m
More to Explore
Quiz From the Vault
Featured Blog Post
15 Basketball Trivia Facts You Can Be March Mad About
hide this ad
You Might Also Like...
Tags
Hockey Quiz
NHL Quiz
point
Point-Scoring
Point Scorers
Sibling
Today's Top Quizzes in Sports
Browse Sports
hide this ad
Today's Top Quizzes in NHL
Browse NHL
Top Contributed Quizzes in Sports
1
MLB 2 truths and a lie: Hall of Fame pitchers
2
Les joueurs à 100 buts en Ligue 1 Uber Eats
3
2022 World Cup Stars
4
Pick 6: NFL Teams
5
Pick 6: Minor League Baseball
6
Millionaire: NBA Finals Edition
7
50+ Goals in European Competition
8
Click the 1998 NBA Draft
9
Pick 6: Olympics
10
Iconic Moments in Football - Multiple Choice
Explore More
Trending Topics
NBA
Crossword
Anime
Harry Potter
Marvel
Kpop
Disney
WWE
Country
The Office
Soccer
Song
Pokémon
Puzzle
NFL
hide this ad
More By:
Alkkari
Quiz
Plays
Rating
Category
Featured
Created
NHL Top Scorers/Team (1990s)
24,141
4.57
Sports
Jan 29, 2011
Serie A Top Scorers (2000s)
4,860
4.70
Sports
Nov 26, 2010
NHL Czech Point Scorers
2,799
4.79
Sports
Jan 24, 2011
NHL Swedish Point Scorers
2,377
4.67
Sports
Jan 21, 2011
NHL Multi-Goal Games by Team (2000s)
2,207
4.65
Sports
Feb 4, 2011
Go to Creator's Profile
Score Distribution
Quiz Creator Spotlight
Alkkari
Follow
Send a Message
Quizzes Created
-
Created Quiz Play Count
-
More By This Creator
Popular Quizzes Today
1
Countries of Asia Without Outlines Minefield
2
Find the US States - No Outlines Minefield
3
Pick 6: Fruits
4
The Countries of the World
5
Find the Countries of Europe - No Outlines Minefield
6
Alphabetical 'K' Countries by Flag Minefield
7
Find the US States
8
US States
More Sports Quizzes
N.H.L. 2021-22 TOP 25 offensive leaders
Quiz Lab
Trending Quizzes
Pick 6: Mountains
Pick 6: Harry Potter
Pick 6: NFL Teams
Pick 6: Flags
C Names for Actors
Recently Updated
Adaptations: Name the Title
pecheneg
NWSL Teams
pecheneg
Women's Final Four Teams by Year
bhenderson79
Presidents Quartet II
eogle
Anything But Clue(do)
eogle
Anything But Oceanian Capitals
eogle
Anything But 7
eogle
Anything But Thing
eogle
Word Ladder: February 29
pecheneg
Song Title Questions
pecheneg
Trending Topics
Marvel
Disney
NBA
Kpop
Anime
Harry Potter
Crossword
Pokémon
Song
Country
WWE
Soccer
Puzzle
The Office
NFL
Your Account Isn't Verified!
In order to create a playlist on Sporcle, you need to verify the email address you used during registration. Go to your
Sporcle Settings
to finish the process.
Report this User
Report this user for behavior that violates our
Community Guidelines
.
Details:
Send Report
Go to the Sporcle.com Mobile Site →
Comments